| 000 | 00665nam a22001337a 4500 | ||
|---|---|---|---|
| 040 | _cRUA | ||
| 082 | _aAVM RUO 2015 B508 Or.1 | ||
| 100 | _aRUOS CHANGKY, រួស ឆាំងគី | ||
| 245 | _aStudy on general pig disease at oeun chany farm angsnuol district kandal province, សិក្សាពីជំងឺទូទៅដែលច្រើនតែជួបប្រទះលើជ្រូកសាច់នៅកសិដ្ឋានអឿន ចន្ទី ស្រុកអង្គស្នួលខេត្តកណ្ដាល | ||
| 260 |
_aPhnom Penh _bRUA _c2015 |
||
| 300 |
_aix; 40p. _bill. _c29cm. |
||
| 856 | _uRUOS CHANGKY | ||
| 942 | _cAVM | ||
| 999 |
_c8905 _d8905 |
||